Statistics for The Benson Boone Quiz!

Click here to take the quiz!

General Stats

  • This quiz has been taken 970 times
  • The average score is 4 of 10

Answer Stats

QuestionAnswer% Correct
For who did he write 'In The Stars'?His grandma
72%
What's his full name?Benson James Boone
59%
What is the name of his sister, with whom he performs and makes tiktoks?Claire
59%
Which of the American states is he born in?Washington
58%
True or false: He quitted American Idol because he didn't like itFalse
53%
When is his birthday?June 25th
48%
What instruments can he play?Piano, drums and guitar
46%
What album cover is from the song Coffee Cake?
42%
'Now that I found us, and it feels like home'. From which song is this line?Before You
41%
What's his debut single?GHOST TOWN
39%
At what place was 'In The Stars' in the Dutch top 100? (2022)2
31%
When did he start singing?2021
27%
How many siblings does he have?4
26%
For who did he write 'GHOST TOWN'?His friend
26%
He released a song a week before his EP Walk Me Home. What's the name of that song?Better Alone
19%
Which of these statements is not true?He has two other versions of In The Stars
18%

Score Distribution

Percentile by Number Answered

Percent of People with Each Score

Your Score History

You have not taken this quiz